Influence of nitrogen rates and application intervals on mulato II yield and nitrogen loss through leaching,(កម្រិត និងពេលវេលានៃការដាក់ជីអាសូតខុសៗគ្នា ទៅលើទិន្នផលស្មៅម៉ូឡាតូធូ និងការបាត់បង់អាសូតតាមរយៈការជ្រាបចុះ) (Record no. 1227)

000 -LEADER
fixed length control field 00757nam a22001337a 4500
040 ## - CATALOGING SOURCE
Transcribing agency RUA
082 ## - DEWEY DECIMAL CLASSIFICATION NUMBER
Classification number AGR PHO 2012 B052 Or.1
100 ## - MAIN ENTRY--AUTHOR NAME
Personal name PHON SELA
245 ## - TITLE STATEMENT
Title Influence of nitrogen rates and application intervals on mulato II yield and nitrogen loss through leaching,(កម្រិត និងពេលវេលានៃការដាក់ជីអាសូតខុសៗគ្នា ទៅលើទិន្នផលស្មៅម៉ូឡាតូធូ និងការបាត់បង់អាសូតតាមរយៈការជ្រាបចុះ)
260 ## - PUBLICATION, DISTRIBUTION, ETC. (IMPRINT)
Place of publication phnom penh
Name of publisher RUA
Year of publication 2012
300 ## - PHYSICAL DESCRIPTION
Number of Pages ix, 43p.
Dimensions ill.
856 ## - ELECTRONIC LOCATION AND ACCESS
Uniform Resource Identifier https://drive.google.com/file/d/1ncPNGE34n-HpEgmIUJqVjC-q0HWJq6Yp/view?usp=sharing
942 ## - ADDED ENTRY ELEMENTS (KOHA)
Koha item type AGR
952 ## - LOCATION AND ITEM INFORMATION (KOHA)
Withdrawn status [LOCAL, KOHA] 0
952 ## - LOCATION AND ITEM INFORMATION (KOHA)
Withdrawn status [LOCAL, KOHA] 0
952 ## - LOCATION AND ITEM INFORMATION (KOHA)
Withdrawn status [LOCAL, KOHA] 0
952 ## - LOCATION AND ITEM INFORMATION (KOHA)
Withdrawn status [LOCAL, KOHA] 0
952 ## - LOCATION AND ITEM INFORMATION (KOHA)
Withdrawn status [LOCAL, KOHA] 0
952 ## - LOCATION AND ITEM INFORMATION (KOHA)
Withdrawn status [LOCAL, KOHA] 0
952 ## - LOCATION AND ITEM INFORMATION (KOHA)
Withdrawn status [LOCAL, KOHA] 0
952 ## - LOCATION AND ITEM INFORMATION (KOHA)
Withdrawn status [LOCAL, KOHA] 0
Holdings
Permanent Location Date acquired Koha item type Lost status Shelving location Barcode Current Location Full call number
Library Block B2015-09-24AGR B052 Library Block BAGR PHO 2012 B052 Or.1
Library Block B2015-09-24AGR B052RUA000395Library Block BAGR PHO 2012 B052 Or.2
Library Block B2015-09-24AGR B052RUA000540Library Block BAGR PHO 2012 B052 Or.3
Library Block B2015-09-24AGR B052RUA000612Library Block BAGR PHO 2012 B052 Or.4
Library Block B2015-09-25AGR B052RUA005622Library Block BAGR PHO 2012 B052 Or.5
Library Block B2015-09-25AGR B052RUA005378Library Block BAGR PHO 2012 B052 Or.6
Library Block B2015-09-25AGR B052RUA005550Library Block BAGR PHO 2012 B052 Or.7
Library Block B2017-01-23AGR  RUA000467Library Block BAGR PHO 2012 B052 Or.8
មជ្ឈមណ្ឌលឯការនៃសាកលវិទ្យាល័យភូមិន្ទកសិកម្មចំការដូង

Powered by Koha